Engineering Mechanics: (Record no. 3701)
[ view plain ]
| 000 -LEADER | |
|---|---|
| fixed length control field | 00387nam a22001457a 4500 |
| 008 - FIXED-LENGTH DATA ELEMENTS--GENERAL INFORMATION | |
| fixed length control field | 250529b |||||||| |||| 00| 0 eng d |
| 020 ## - INTERNATIONAL STANDARD BOOK NUMBER | |
| ISBN | 0130932353 |
| 100 ## - MAIN ENTRY--AUTHOR | |
| Author | Fowler Bedford |
| 245 ## - TITLE STATEMENT | |
| Title | Engineering Mechanics: |
| Remainder of title | Dynamics Study Pack |
| 260 ## - PUBLICATION, DISTRIBUTION, ETC. (IMPRINT) | |
| Place of publication | London |
| Name of publisher | Prentice Hall Inc. |
| Date of publication | 2002 |
| 300 ## - COLLATION | |
| Pagination | 132p. |
| Other physical details | illustration; |
| 650 ## - TRACINGS | |
| Main Subject | Dynamics |
| 942 ## - ADDED ENTRY ELEMENTS (KOHA) | |
| Item type | Books |
| 050 ## - LIBRARY OF CONGRESS CALL NUMBER | |
| Classification number | TA352 |
| Item number | .F69 2002 |
| Source of classification or shelving scheme | Not for loan | Permanent location | Current location | Date acquired | Accession No. | Full call number | Barcode. | Koha item type |
|---|---|---|---|---|---|---|---|---|
| Library of Congress Classification | Samuel Ogbemudia Main Library, University of Abuja | Samuel Ogbemudia Main Library, University of Abuja | 05/29/2025 | 2023/60989 | TA352.F69 2002 | 2025-2253 | Books |